000
002440000a22000970004500
100
1
_a
Aboloyo, Dangako Wango
245
1
0
_a
El papel de las iglesias en el desarrollo
300
_a
Núm 43 (2000), Páginas 13
773
0
_t
Paso a paso
942
_c
ANA
999
_c
52533
_d
52533